[Event "42nd Olympiad 2016"]
[Site "Baku AZE"]
[Date "2016.09.10"]
[Round "8.19"]
[Board "2"]
[White "Hjartarson, Johann"]
[Black "Pacher, Milan"]
[Result "1-0"]
[WhiteTitle "GM"]
[BlackTitle "GM"]
[WhiteElo "2545"]
[BlackElo "2499"]
[WhiteTeam "Iceland"]
[BlackTeam "Slovakia"]
[WhiteFideId "2300044"]
[BlackFideId "14907445"]
[EventDate "2016.09.02"]

1. c4 e6 2. Nc3 d5 3. d4 Nf6 4. cxd5 Nxd5 5. Nf3 c5 6. e3 Nc6 7. Bc4 cxd4 8.
exd4 Be7 9. O-O O-O 10. Re1 Nxc3 11. bxc3 b6 12. Bd3 Bb7 13. Qe2 Rc8 14. Bb2 Qc7
15. Rac1 Rfd8 16. h4 Bf6 17. Ng5 Bxg5 18. hxg5 Qf4 19. Qe3 Qxe3 20. Rxe3 Na5 21.
c4 Ba6 22. c5 Bxd3 23. Rxd3 b5 24. Bc3 Nc6 25. Rb1 Rb8 26. f4 b4 27. Bb2 a5 28.
Kf2 a4 29. Rh1 a3 30. Ba1 Ne7 31. Rdh3 Nd5 32. Rxh7 Kf8 33. g4 b3 34. axb3 Rxb3
35. f5 a2 36. Rh8+ Ke7 37. Rxd8 Kxd8 38. Rh8+ Kd7 39. Ra8 Nb4 40. Ra7+ Kc6 41.
g6 fxg6 42. fxe6 Nd3+ 43. Ke2 Nf4+ 44. Kd2 Nxe6 45. Rxa2 Kd5 46. Ra6 Ng5 47.
Rd6+ Kc4 48. Rxg6 Ne4+ 49. Ke2 Ra3 50. c6 Ra2+ 51. Ke3 Nf6 52. c7 Nd5+ 53. Ke4 1-0

[Event "42nd Olympiad 2016"]
[Site "Baku AZE"]
[Date "2016.09.10"]
[Round "8.19"]
[Board "3"]
[White "Jurcik, Marian"]
[Black "Kjartansson, Gudmundur"]
[Result "1/2-1/2"]
[WhiteTitle "IM"]
[BlackTitle "IM"]
[WhiteElo "2484"]
[BlackElo "2442"]
[WhiteTeam "Slovakia"]
[BlackTeam "Iceland"]
[WhiteFideId "14907518"]
[BlackFideId "2301318"]
[EventDate "2016.09.02"]

1. Nf3 d5 2. d4 Nf6 3. c4 e6 4. Nc3 c6 5. Bg5 h6 6. Bxf6 Qxf6 7. Qc2 dxc4 8. e3
b5 9. a4 Bb7 10. axb5 cxb5 11. Nxb5 Bb4+ 12. Nc3 O-O 13. Be2 Rc8 14. O-O Nd7 15.
Rfd1 a5 16. Nd2 Nb6 17. Nf3 Bxf3 18. Bxf3 Rab8 19. Na4 Nxa4 20. Qxa4 e5 21. Qd7
exd4 22. Qxd4 Qxd4 23. exd4 c3 24. bxc3 Bxc3 25. Ra2 Bb4 26. d5 Rb6 27. Kf1 Kf8
28. d6 Rxd6 29. Rxd6 Bxd6 30. Rxa5 Rc1+ 31. Ke2 Rc2+ 32. Ke3 Rc5 33. Rxc5 Bxc5+
34. Ke4 1/2-1/2

[Event "42nd Olympiad 2016"]
[Site "Baku AZE"]
[Date "2016.09.10"]
[Round "8.19"]
[Board "4"]
[White "Thorfinnsson, Bragi"]
[Black "Petrik, Tomas"]
[Result "1/2-1/2"]
[WhiteTitle "IM"]
[BlackTitle "GM"]
[WhiteElo "2430"]
[BlackElo "2464"]
[WhiteTeam "Iceland"]
[BlackTeam "Slovakia"]
[WhiteFideId "2300958"]
[BlackFideId "14901625"]
[EventDate "2016.09.02"]

1. d4 e6 2. c4 Nf6 3. Nf3 b6 4. g3 Bb7 5. Bg2 Be7 6. O-O O-O 7. Re1 c5 8. d5
exd5 9. Nh4 Ne4 10. cxd5 Bxh4 11. Bxe4 Bf6 12. Qc2 h6 13. Nc3 d6 14. Bf4 Qe7 15.
Rad1 a6 16. Bh7+ Kh8 17. Bf5 b5 18. Qc1 Be5 19. Ne4 Bc8 20. g4 Bxf5 21. gxf5 Nd7
22. f3 Nf6 23. Ng3 Rae8 24. e4 Nh7 25. Bxe5 dxe5 26. d6 Qa7 27. Qe3 Nf6 28. b4
Rc8 29. Rc1 Rc6 30. bxc5 Rfc8 31. Red1 Kh7 32. Nf1 Nd7 33. Rd5 Rxc5 34. Rc2 Qb6
35. Rcxc5 Rxc5 36. Rd1 Qc6 37. Qb3 Rc4 38. Ne3 Rc3 39. Qxf7 Qc5 40. Qg6+ Kh8 41.
Qe8+ Kh7 42. Qg6+ Kg8 43. Qe6+ Kh7 44. Qg6+ Kh8 1/2-1/2

[Event "42nd Olympiad 2016"]
[Site "Baku AZE"]
[Date "2016.09.10"]
[Round "8.20"]
[Board "2"]
[White "Meier, Georg"]
[Black "Edouard, Romain"]
[Result "1/2-1/2"]
[WhiteTitle "GM"]
[BlackTitle "GM"]
[WhiteElo "2654"]
[BlackElo "2635"]
[WhiteTeam "Germany"]
[BlackTeam "France"]
[WhiteFideId "4675789"]
[BlackFideId "633429"]
[EventDate "2016.09.02"]

1. Nf3 d5 2. g3 g6 3. Bg2 Bg7 4. d4 Nf6 5. c4 dxc4 6. Na3 O-O 7. O-O Na6 8. Nxc4
c5 9. b3 Bf5 10. Bb2 Be4 11. Rc1 b6 12. a3 Qb8 13. Ncd2 Bd5 14. dxc5 Nxc5 15. b4
Ne6 16. Bh3 Qb7 17. Re1 a5 18. Be5 axb4 19. axb4 Rfd8 20. Qc2 Bh6 21. Rcd1 Rac8
22. Qb1 Ne4 23. Bxe6 fxe6 24. Nxe4 Bxe4 25. Qb3 Bd5 26. Qd3 Kf7 27. h4 Bxf3 28.
Qxf3+ Qxf3 29. exf3 Rd5 30. f4 Rc4 31. Ra1 Rxb4 32. Ra8 Bg7 33. Bxg7 Kxg7 34.
Rxe6 Kf7 35. Re2 Rd7 36. Rh8 Kg7 37. Rb8 Kf7 38. Kg2 Rb3 39. Kh3 Rb1 40. Kg4 Rb5
41. Kh3 Rb1 42. Kg2 Rb5 43. Ra2 h5 44. Re2 Rc7 45. Rd2 1/2-1/2

[Event "42nd Olympiad 2016"]
[Site "Baku AZE"]
[Date "2016.09.10"]
[Round "8.20"]
[Board "3"]
[White "Fressinet, Laurent"]
[Black "Bluebaum, Matthias"]
[Result "1-0"]
[WhiteTitle "GM"]
[BlackTitle "GM"]
[WhiteElo "2664"]
[BlackElo "2626"]
[WhiteTeam "France"]
[BlackTeam "Germany"]
[WhiteFideId "608742"]
[BlackFideId "24651516"]
[EventDate "2016.09.02"]

1. d4 Nf6 2. Nf3 d5 3. c4 e6 4. Nc3 Bb4 5. cxd5 exd5 6. Bg5 h6 7. Bh4 Bf5 8.
Qa4+ Nc6 9. e3 g5 10. Bg3 O-O 11. Bb5 Bxc3+ 12. bxc3 Ne7 13. Nd2 Ne4 14. Nxe4
Bxe4 15. O-O c6 16. Be2 Nf5 17. c4 dxc4 18. Qxc4 Qd5 19. Qxd5 Bxd5 20. Rab1 b6
21. Rb2 Rae8 22. Rc1 Nxg3 23. hxg3 f5 24. Bc4 f4 25. Bxd5+ cxd5 26. gxf4 gxf4
27. exf4 Rxf4 28. Rd2 Ree4 29. Rcd1 Kg7 30. f3 Re3 31. Kf2 Ra3 32. Kg3 Re4 33.
Rc1 Kf7 34. Rc8 Re1 35. Kf4 Ra1 36. Rc7+ Ke8 37. Re2+ Kd8 38. Ree7 R3xa2 39.
Red7+ Ke8 40. Rh7 Kd8 41. Rcd7+ Kc8 42. Rdf7 1-0

[Event "42nd Olympiad 2016"]
[Site "Baku AZE"]
[Date "2016.09.10"]
[Round "8.20"]
[Board "4"]
[White "Fridman, Daniel"]
[Black "Bauer, Christian"]
[Result "1/2-1/2"]
[WhiteTitle "GM"]
[BlackTitle "GM"]
[WhiteElo "2618"]
[BlackElo "2623"]
[WhiteTeam "Germany"]
[BlackTeam "France"]
[WhiteFideId "11600454"]
[BlackFideId "603767"]
[EventDate "2016.09.02"]

1. d4 Nf6 2. Nf3 e6 3. c4 b6 4. g3 Ba6 5. b3 d5 6. Bg2 dxc4 7. Ne5 Bb4+ 8. Kf1
c6 9. Nxc4 O-O 10. Bb2 Nd5 11. Kg1 Nd7 12. e4 N5f6 13. a3 Be7 14. Nc3 b5 15. Ne3
Re8 16. h4 Rc8 17. e5 Nd5 18. Ncxd5 cxd5 19. Kh2 b4 20. axb4 Nb8 21. Bf1 Qb6 22.
b5 Bxb5 23. Bxb5 Qxb5 24. Rxa7 Nc6 25. Ra1 Rb8 26. Ba3 Qxb3 27. Qxb3 Rxb3 28.
Bxe7 Nxe7 29. Rhc1 Rb7 30. h5 h6 31. Ra4 Reb8 32. Kg2 Kf8 33. Rca1 Ke8 34. Nc2
Nc6 35. Ne1 Rb4 36. Nf3 Rxa4 37. Rxa4 Kd7 38. g4 Rb4 39. Ra8 Rb8 40. Ra3 Rb4 41.
Ra8 Ke7 42. Ra6 Nxd4 43. Ra7+ Ke8 44. Ra8+ Ke7 45. Ra7+ Ke8 1/2-1/2

[Event "42nd Olympiad 2016"]
[Site "Baku AZE"]
[Date "2016.09.10"]
[Round "8.21"]
[Board "1"]
[White "Iturrizaga Bonelli, Eduardo"]
[Black "Ferreira, Jorge Viterbo"]
[Result "1/2-1/2"]
[WhiteTitle "GM"]
[BlackTitle "IM"]
[WhiteElo "2650"]
[BlackElo "2511"]
[WhiteTeam "Venezuela"]
[BlackTeam "Portugal"]
[WhiteFideId "3901211"]
[BlackFideId "1910850"]
[EventDate "2016.09.02"]

1. c4 e5 2. g3 Nc6 3. Bg2 Bc5 4. Nc3 a6 5. e3 d6 6. Nge2 Ba7 7. b3 Bf5 8. d3 Qd7
9. h3 h5 10. a3 Rb8 11. d4 b5 12. cxb5 axb5 13. b4 Nf6 14. d5 Ne7 15. e4 Bh7 16.
a4 bxa4 17. Rxa4 c6 18. dxc6 Nxc6 19. b5 Nd4 20. Nxd4 Bxd4 21. Rxd4 exd4 22.
Qxd4 O-O 23. Bf4 Rxb5 24. Nxb5 Qxb5 25. f3 d5 26. e5 Nd7 27. Kf2 Rc8 28. Rc1
Rxc1 29. Bxc1 Nc5 30. Be3 1/2-1/2

[Event "42nd Olympiad 2016"]
[Site "Baku AZE"]
[Date "2016.09.10"]
[Round "8.21"]
[Board "2"]
[White "Galego, Luis"]
[Black "Gascon Del Nogal, Jose Rafael"]
[Result "1/2-1/2"]
[WhiteTitle "GM"]
[BlackTitle "IM"]
[WhiteElo "2458"]
[BlackElo "2436"]
[WhiteTeam "Portugal"]
[BlackTeam "Venezuela"]
[WhiteFideId "1900072"]
[BlackFideId "3902463"]
[EventDate "2016.09.02"]

1. e4 c5 2. Nf3 d6 3. c3 Nf6 4. Bb5+ Bd7 5. Bxd7+ Qxd7 6. d3 Nc6 7. Bg5 g6 8.
Bxf6 exf6 9. O-O Bg7 10. d4 cxd4 11. cxd4 O-O 12. Nc3 f5 13. Re1 Rfe8 14. Qd2
Re7 15. exf5 Qxf5 16. Rxe7 Nxe7 17. Re1 Nc6 18. h3 Rc8 19. Re4 d5 20. Re1 Bf6
21. Nd1 Kg7 22. Ne3 Qf4 23. Rd1 Rd8 24. Qc3 h5 25. b4 a6 26. a4 Ne7 27. Qd3 Rc8
28. b5 axb5 29. Qxb5 g5 30. Nxd5 Nxd5 31. Qxd5 Rd8 32. Qb3 g4 33. hxg4 hxg4 34.
Ne5 Bxe5 35. dxe5 g3 36. fxg3 Rxd1+ 37. Qxd1 Qe3+ 38. Kf1 Qxe5 39. Qg4+ Kf8 40.
Qf4 Qa1+ 41. Kf2 Qb2+ 42. Kg1 Qb1+ 43. Kh2 Qh7+ 44. Qh4 Qc2 45. Qh8+ Ke7 46. Qd4
Kf8 47. g4 Qc7+ 48. Kh3 Qc6 49. Qh8+ Ke7 50. Qe5+ Kf8 51. a5 Qh6+ 52. Kg3 Qd2
53. g5 Qd3+ 54. Kh4 Qd2 55. Qh8+ Ke7 56. Qf6+ Ke8 57. Qe5+ Kf8 58. g3 Qh2+ 59.
Kg4 Qc2 60. Qh8+ Ke7 61. Qf6+ Ke8 62. g6 fxg6 63. Kg5 Qd2+ 64. Kxg6 Qd3+ 65. Kh6
Qxg3 66. Qe6+ Kd8 67. Qf6+ Kc7 68. Qb6+ Kc8 69. Kh5 Qc7 70. Qb4 Kb8 71. Kg4 Ka7
72. Kf3 Ka6 73. Ke2 Qxa5 74. Qf8 Qd5 75. Qf6+ Kb5 76. Qb2+ Kc5 77. Qa3+ Kc6 78.
Qa8 Qe4+ 79. Kd2 Kb5 80. Qh8 Ka5 81. Kc3 b5 82. Qd8+ Ka6 83. Qd6+ Kb7 84. Qd7+
Kb6 85. Qd8+ 1/2-1/2

[Event "42nd Olympiad 2016"]
[Site "Baku AZE"]
[Date "2016.09.10"]
[Round "8.21"]
[Board "3"]
[White "Pulvett Marin, Daniel"]
[Black "Damaso, Rui"]
[Result "1/2-1/2"]
[WhiteTitle "IM"]
[BlackTitle "IM"]
[WhiteElo "2434"]
[BlackElo "2444"]
[WhiteTeam "Venezuela"]
[BlackTeam "Portugal"]
[WhiteFideId "3900410"]
[BlackFideId "1900030"]
[EventDate "2016.09.02"]

1. d4 Nf6 2. c4 e6 3. Nf3 d5 4. g3 Bb4+ 5. Bd2 a5 6. Qc2 c5 7. dxc5 d4 8. Bg2
Nc6 9. O-O Bxc5 10. Bg5 O-O 11. Nbd2 Be7 12. Ne1 e5 13. Bxf6 Bxf6 14. Nd3 Bf5
15. Qa4 Qc7 16. Qb5 Rae8 17. a3 Be7 18. c5 Bg5 19. Nf3 Bd8 20. Nd2 Bg5 21. Nf3
Bd8 22. Nd2 Bg5 23. Nf3 1/2-1/2

[Event "42nd Olympiad 2016"]
[Site "Baku AZE"]
[Date "2016.09.10"]
[Round "8.21"]
[Board "4"]
[White "Fernandes, Antonio"]
[Black "Romero Barreto, Jaime Jose"]
[Result "1-0"]
[WhiteTitle "GM"]
[BlackTitle "FM"]
[WhiteElo "2413"]
[BlackElo "2245"]
[WhiteTeam "Portugal"]
[BlackTeam "Venezuela"]
[WhiteFideId "1900021"]
[BlackFideId "3902498"]
[EventDate "2016.09.02"]

1. e4 e5 2. Nf3 Nc6 3. Bc4 Bc5 4. b4 Bxb4 5. c3 Ba5 6. d4 d6 7. Qb3 Qd7 8. dxe5
Bb6 9. Bb5 a6 10. Ba4 Bc5 11. c4 Nge7 12. O-O O-O 13. Nc3 Na5 14. Bxd7 Nxb3 15.
axb3 Bxd7 16. exd6 cxd6 17. Rd1 Bc6 18. Nd4 Rfe8 19. Be3 Bb4 20. Na2 Bc5 21. b4
Bxd4 22. Rxd4 f5 23. Rxd6 fxe4 24. Nc3 Nf5 25. Rd2 Rad8 26. Rad1 Rxd2 27. Rxd2
Nxe3 28. fxe3 Re7 29. Kf2 Kf7 30. Kg3 Ke6 31. Rd4 Kf5 32. Rd8 Re8 33. Rd2 Re7
34. Ne2 Ke5 35. Nd4 Be8 36. Ra2 Rc7 37. Ra5+ Kf6 38. Rf5+ Kg6 39. Re5 Bf7 40. c5
Kf6 41. Kf4 Bg6 42. h4 h6 43. Re6+ Kf7 44. Rb6 Bh7 45. g4 Ke8 46. g5 hxg5+ 47.
hxg5 Kf7 48. g6+ 1-0

[Event "42nd Olympiad 2016"]
[Site "Baku AZE"]
[Date "2016.09.10"]
[Round "8.23"]
[Board "1"]
[White "Rodshtein, Maxim"]
[Black "Saric, Ivan"]
[Result "1-0"]
[WhiteTitle "GM"]
[BlackTitle "GM"]
[WhiteElo "2687"]
[BlackElo "2668"]
[WhiteTeam "Israel"]
[BlackTeam "Croatia"]
[WhiteFideId "2806851"]
[BlackFideId "14508150"]
[EventDate "2016.09.02"]

1. d4 Nf6 2. c4 g6 3. Nc3 Bg7 4. e4 d6 5. Nf3 O-O 6. h3 e5 7. d5 a5 8. g4 Na6 9.
Be3 Nd7 10. a3 Nb6 11. Rg1 Bd7 12. h4 Nc5 13. b3 Kh8 14. g5 f6 15. Be2 fxg5 16.
Nxg5 h6 17. Nf3 Kh7 18. h5 gxh5 19. Rxg7+ Kxg7 20. Nxe5 dxe5 21. Bxc5 Qh4 22.
Kd2 a4 23. f3 axb3 24. Qxb3 Rf6 25. a4 Qh2 26. Bg1 Qh1 27. Qa3 Qg2 28. Qe7+ Rf7
29. Qxe5+ Kg8 30. Qxc7 Nxa4 31. Bd4 Qg5+ 32. Kc2 Rc8 33. Qd6 Nxc3 34. Kxc3 Bh3
35. Rg1 Bg2 36. Qe5 Kh7 37. Qxg5 hxg5 38. Rxg2 Kh6 39. e5 h4 40. Be3 Rf5 41. Kd4
Re8 42. e6 1-0

[Event "42nd Olympiad 2016"]
[Site "Baku AZE"]
[Date "2016.09.10"]
[Round "8.23"]
[Board "2"]
[White "Stevic, Hrvoje"]
[Black "Postny, Evgeny"]
[Result "1/2-1/2"]
[WhiteTitle "GM"]
[BlackTitle "GM"]
[WhiteElo "2608"]
[BlackElo "2619"]
[WhiteTeam "Croatia"]
[BlackTeam "Israel"]
[WhiteFideId "14502569"]
[BlackFideId "2804344"]
[EventDate "2016.09.02"]

1. e4 e5 2. Nf3 Nc6 3. Bc4 Nf6 4. d3 Be7 5. O-O O-O 6. Re1 d6 7. a4 Be6 8. Nbd2
Qd7 9. c3 h6 10. b4 Nh7 11. b5 Na5 12. Bxe6 fxe6 13. Nc4 Nxc4 14. dxc4 Nf6 15.
Ba3 Rad8 16. Qe2 b6 17. a5 Qe8 18. Ra2 Qf7 19. h3 Rd7 20. Nh2 Rc8 21. Bc1 c6 22.
axb6 axb6 23. Bd2 cxb5 24. cxb5 Rdc7 25. Ra6 Nd7 26. Rea1 d5 27. Ra8 Qe8 28.
Rxc8 Qxc8 29. Ng4 d4 30. cxd4 exd4 31. e5 Nc5 32. Qf3 Qf8 33. Ra8 Rc8 34. Rxc8
Qxc8 35. Qf4 Nb3 36. Nxh6+ gxh6 37. Qg3+ Bg5 38. Bxg5 hxg5 39. Qxb3 Qc1+ 40. Kh2
Qf4+ 41. Kg1 Qc1+ 42. Kh2 Qf4+ 43. Kg1 Qxe5 44. Kf1 Kg7 45. Qc4 Kf6 46. Qc6 Qf5
47. Qxb6 Qb1+ 48. Ke2 Qc2+ 49. Ke1 Qc3+ 50. Kd1 Qd3+ 51. Ke1 Qc3+ 52. Kd1 1/2-1/2

[Event "42nd Olympiad 2016"]
[Site "Baku AZE"]
[Date "2016.09.10"]
[Round "8.23"]
[Board "3"]
[White "Nabaty, Tamir"]
[Black "Kozul, Zdenko"]
[Result "1-0"]
[WhiteTitle "GM"]
[BlackTitle "GM"]
[WhiteElo "2630"]
[BlackElo "2622"]
[WhiteTeam "Israel"]
[BlackTeam "Croatia"]
[WhiteFideId "2809052"]
[BlackFideId "14502879"]
[EventDate "2016.09.02"]

1. d4 Nf6 2. Nc3 d5 3. Bf4 c6 4. e3 g6 5. h3 Bg7 6. Nf3 O-O 7. Bd3 Re8 8. Bh2
Nfd7 9. Qd2 b5 10. O-O a5 11. e4 b4 12. Na4 Ba6 13. Rfe1 Bb5 14. b3 dxe4 15.
Bxe4 Nf6 16. Bd3 Bxa4 17. bxa4 Nd5 18. a3 Nd7 19. axb4 axb4 20. Bc4 N7b6 21. Bb3
Ra5 22. Be5 f6 23. Qxb4 Ra6 24. Bg3 Bh6 25. a5 Kf8 26. Qc5 Nd7 27. Qc4 Qa8 28.
Re6 Qb7 29. Rae1 Rxa5 30. Qxc6 Qxc6 31. Rxc6 N5b6 32. Be6 Rea8 33. c4 Ke8 34. c5 1-0

[Event "42nd Olympiad 2016"]
[Site "Baku AZE"]
[Date "2016.09.10"]
[Round "8.23"]
[Board "4"]
[White "Brkic, Ante"]
[Black "Roiz, Michael"]
[Result "1/2-1/2"]
[WhiteTitle "GM"]
[BlackTitle "GM"]
[WhiteElo "2584"]
[BlackElo "2605"]
[WhiteTeam "Croatia"]
[BlackTeam "Israel"]
[WhiteFideId "14506688"]
[BlackFideId "2804158"]
[EventDate "2016.09.02"]

1. e4 e5 2. Nf3 Nc6 3. Bb5 Nf6 4. d3 Bc5 5. Bxc6 dxc6 6. O-O Nd7 7. c3 O-O 8. d4
Bd6 9. Nbd2 Re8 10. Re1 b6 11. Nc4 Bb7 12. dxe5 Nxe5 13. Ncxe5 Bxe5 14. Nxe5
Rxe5 15. Bf4 Re7 16. Qxd8+ Rxd8 17. f3 c5 18. Rad1 Red7 19. Rxd7 Rxd7 20. g4 f6
21. h4 Kf7 22. Kf2 Ba6 23. e5 Rd3 24. exf6 gxf6 25. g5 Bb7 26. Be3 Bd5 27. a3 a5
28. Kg3 a4 29. Kf4 Bb3 30. Rg1 Rd5 31. Kg3 1/2-1/2

[Event "42nd Olympiad 2016"]
[Site "Baku AZE"]
[Date "2016.09.10"]
[Round "8.24"]
[Board "1"]
[White "Jones, Richard S."]
[Black "Ragger, Markus"]
[Result "0-1"]
[WhiteTitle "IM"]
[BlackTitle "GM"]
[WhiteElo "2396"]
[BlackElo "2697"]
[WhiteTeam "Wales"]
[BlackTeam "Austria"]
[WhiteFideId "1800833"]
[BlackFideId "1610856"]
[EventDate "2016.09.02"]

1. e4 e5 2. Nf3 Nc6 3. Bb5 a6 4. Ba4 Nf6 5. O-O Be7 6. Re1 b5 7. Bb3 d6 8. c3
O-O 9. h3 Bb7 10. d4 Nd7 11. Nbd2 exd4 12. cxd4 Re8 13. Nf1 Na5 14. Bc2 Bf6 15.
Bf4 Nf8 16. Bg3 c5 17. dxc5 dxc5 18. Qxd8 Bxd8 19. b3 Nc6 20. Rac1 Ne6 21. Bd6
Ba5 22. Red1 Bb4 23. a4 Ba3 24. Ra1 Nb4 25. Ne3 Bb2 26. Rab1 Nxc2 27. Nxc2 Bc3
28. Nd2 Rad8 29. e5 f6 30. axb5 axb5 31. b4 c4 32. Na3 Nd4 33. Bc5 Bxd2 0-1

[Event "42nd Olympiad 2016"]
[Site "Baku AZE"]
[Date "2016.09.10"]
[Round "8.24"]
[Board "2"]
[White "Shengelia, David"]
[Black "Strugnell, Carl"]
[Result "1-0"]
[WhiteTitle "GM"]
[BlackTitle "FM"]
[WhiteElo "2573"]
[BlackElo "2239"]
[WhiteTeam "Austria"]
[BlackTeam "Wales"]
[WhiteFideId "13601270"]
[BlackFideId "616753"]
[EventDate "2016.09.02"]

1. Nf3 Nf6 2. g3 e6 3. Bg2 d5 4. O-O c5 5. d4 cxd4 6. Nxd4 e5 7. Nb3 Be6 8. Bg5
Nbd7 9. Nc3 Be7 10. f4 exf4 11. Bxf4 Nb6 12. Nb5 O-O 13. Nc7 Rc8 14. Nxe6 fxe6
15. Bh3 Qd7 16. Nd4 Bc5 17. e3 Rce8 18. b3 Qf7 19. Bg5 Nbd7 20. b4 Bb6 21. a4 a6
22. a5 Ba7 23. b5 axb5 24. Rb1 Nc5 25. Bxf6 gxf6 26. Rxb5 Kh8 27. Qg4 Rg8 28.
Qh4 Ne4 29. Bg2 Ng5 30. c4 dxc4 31. Rxb7 Re7 32. a6 c3 33. Kh1 Rc8 34. Nc2 Qg7
35. Qb4 Rec7 36. h4 Nf7 37. Rxc7 Rxc7 38. Rxf6 Qxg3 39. Rxe6 Kg7 40. Re4 h5 41.
Nd4 Kh7 42. Qb5 Bxd4 43. Qxh5+ Nh6 44. Re6 Bxe3 45. Be4+ Kg7 46. Rg6+ Qxg6 47.
Qxg6+ Kf8 48. Qd6+ Re7 49. a7 Bxa7 50. Qxh6+ Ke8 51. Bc6+ Kf7 52. Bd5+ Ke8 53.
Qc6+ 1-0

[Event "42nd Olympiad 2016"]
[Site "Baku AZE"]
[Date "2016.09.10"]
[Round "8.24"]
[Board "3"]
[White "Kett, Tim"]
[Black "Dragnev, Valentin"]
[Result "0-1"]
[BlackTitle "IM"]
[WhiteElo "2227"]
[BlackElo "2430"]
[WhiteTeam "Wales"]
[BlackTeam "Austria"]
[WhiteFideId "1801210"]
[BlackFideId "1634852"]
[EventDate "2016.09.02"]

1. e4 e5 2. Nf3 Nc6 3. Bc4 Bc5 4. Nc3 d6 5. d3 Na5 6. Bb3 Ne7 7. Be3 Bb6 8. d4
exd4 9. Bxd4 O-O 10. O-O Bxd4 11. Qxd4 a6 12. Nd5 Nec6 13. Qd2 Nxb3 14. axb3 f5
15. exf5 Bxf5 16. Nd4 Nxd4 17. Qxd4 Kh8 18. Rae1 Rf7 19. c3 c6 20. Ne3 d5 21.
Nxf5 Rxf5 22. Re3 Qf8 23. f3 c5 24. Qg4 Rd8 25. Rfe1 Rf7 26. Qg5 Rf6 27. Re5 h6
28. Qh5 Qd6 29. Rd1 d4 30. Rxc5 d3 31. Qe5 Qb6 32. b4 Re6 33. Qc7 Qxc7 34. Rxc7
Re2 35. Rxb7 d2 36. Kf1 Rde8 0-1

[Event "42nd Olympiad 2016"]
[Site "Baku AZE"]
[Date "2016.09.10"]
[Round "8.24"]
[Board "4"]
[White "Diermair, Andreas"]
[Black "Sands, David A"]
[Result "1/2-1/2"]
[WhiteTitle "IM"]
[WhiteElo "2478"]
[BlackElo "2122"]
[WhiteTeam "Austria"]
[BlackTeam "Wales"]
[WhiteFideId "1612468"]
[BlackFideId "402060"]
[EventDate "2016.09.02"]

1. Nf3 d5 2. g3 c6 3. Bg2 Bg4 4. c4 e6 5. O-O Nd7 6. cxd5 cxd5 7. d3 Ngf6 8. Qb3
Nc5 9. Qb5+ Qd7 10. Nc3 Bxf3 11. Bxf3 Be7 12. b4 Na6 13. a3 O-O 14. Bg5 Rfd8 15.
Rac1 h6 16. Bf4 Ne8 17. Qxd7 Rxd7 18. Nb5 Bg5 19. Rc2 Bxf4 20. gxf4 Nac7 21. Nd4
Nd6 22. Rfc1 Ncb5 23. Nxb5 Nxb5 24. a4 Nd4 25. Rc8+ Rxc8 26. Rxc8+ Kh7 27. Kg2
g6 28. e3 Nc6 29. b5 Na5 30. Bd1 b6 31. Kf3 Kg7 32. Bc2 Nb7 33. Ra8 Na5 34. Rc8
Nb7 35. h3 1/2-1/2

[Event "42nd Olympiad 2016"]
[Site "Baku AZE"]
[Date "2016.09.10"]
[Round "8.25"]
[Board "1"]
[White "Makoto, Rodwell"]
[Black "Kasimdzhanov, Rustam"]
[Result "0-1"]
[WhiteTitle "IM"]
[BlackTitle "GM"]
[WhiteElo "2405"]
[BlackElo "2696"]
[WhiteTeam "Zimbabwe"]
[BlackTeam "Uzbekistan"]
[WhiteFideId "11000120"]
[BlackFideId "14200244"]
[EventDate "2016.09.02"]

1. Nf3 g6 2. c4 Bg7 3. g3 e6 4. Bg2 d5 5. d4 Ne7 6. O-O O-O 7. Nbd2 Nbc6 8. e3
a5 9. b3 e5 10. Nxe5 Nxe5 11. dxe5 Bxe5 12. Rb1 Bf5 13. e4 dxe4 14. Nxe4 Nc6 15.
Bh6 Bg7 16. Bxg7 Kxg7 17. Rb2 Qxd1 18. Rxd1 Rad8 19. Nc3 Rxd1+ 20. Nxd1 Nd4 21.
Ne3 Bc8 22. a3 Be6 23. b4 axb4 24. axb4 b6 25. f4 Rd8 26. Kf2 Nf5 27. c5 Ne7 28.
Bf3 Rd4 29. Be2 Kf8 30. Nc2 Rd8 31. Na3 bxc5 32. bxc5 Rd5 33. Rc2 c6 34. Ke1 h5
35. Rc3 Rd4 36. Nc2 Rd8 37. Bf3 Bd5 38. Bxd5 Nxd5 39. Ra3 h4 40. Ra6 Nc3 41. Ne3
Re8 42. Kf2 Ne4+ 43. Kf3 Nd2+ 44. Kf2 Ne4+ 45. Kf3 hxg3 46. hxg3 Nd2+ 47. Kf2
Ne4+ 48. Kf3 Nd2+ 49. Kf2 Re6 50. f5 Ne4+ 51. Kf3 gxf5 52. Nxf5 Nxc5 53. Ra7 Nd3
54. Nd4 Rf6+ 55. Ke4 Nf2+ 56. Ke5 Ng4+ 57. Ke4 Nf2+ 58. Ke5 Kg7 59. Rc7 c5 60.
Nb3 Re6+ 61. Kf5 Nd3 62. Kg4 Re5 63. Kf3 Kf6 64. Rc6+ Ke7 65. Nd2 Re1 66. Ra6
Ne5+ 67. Kf4 Nd3+ 68. Kf3 Ne5+ 69. Kf4 c4 70. Ne4 Nd3+ 71. Kf3 Ne5+ 72. Kf4 Nd3+
73. Kf3 f6 74. Nc3 Ne5+ 75. Kg2 Kf7 76. Nd5 Rd1 77. Rxf6+ Kg7 78. Ne3 Rd3 79.
Rf3 Nxf3 80. Kxf3 c3 81. Ke2 Rd8 0-1

[Event "42nd Olympiad 2016"]
[Site "Baku AZE"]
[Date "2016.09.10"]
[Round "8.25"]
[Board "2"]
[White "Vakhidov, Jahongir"]
[Black "Mandizha, Farai"]
[Result "1-0"]
[WhiteTitle "GM"]
[BlackTitle "IM"]
[WhiteElo "2583"]
[BlackElo "2363"]
[WhiteTeam "Uzbekistan"]
[BlackTeam "Zimbabwe"]
[WhiteFideId "14201801"]
[BlackFideId "11000430"]
[EventDate "2016.09.02"]

1. d4 Nf6 2. Nf3 g6 3. c4 Bg7 4. g3 O-O 5. Bg2 d6 6. Nc3 Nbd7 7. O-O e5 8. e4
exd4 9. Nxd4 Re8 10. h3 a6 11. Be3 Rb8 12. b3 Ne5 13. a4 c5 14. Nde2 Nc6 15. Qd2
Be6 16. f4 Na5 17. Rab1 b5 18. axb5 axb5 19. cxb5 Bxb3 20. Bf2 Be6 21. Rfd1 Nc4
22. Qc1 Qc7 23. g4 Nb6 24. Ng3 Bc4 25. g5 Nfd7 26. e5 dxe5 27. f5 Bf8 28. Bc6
gxf5 29. Nxf5 Be6 30. Ne3 Red8 31. Qc2 Bg7 32. Nf5 c4 33. h4 Nf8 34. h5 Rd4 35.
Nxd4 exd4 36. Rxd4 Bxd4 37. Bxd4 Qf4 38. Ne4 Nfd7 39. Qg2 Nd5 40. Rf1 Qh4 41.
Nf6+ N5xf6 42. gxf6+ Qg4 43. Qxg4+ Bxg4 44. Kf2 Be6 45. Rg1+ Kh8 46. Re1 Nf8 47.
b6 h6 48. b7 Bd7 49. Bf3 Bf5 50. Ba7 Rd8 51. b8=Q Rxb8 52. Bxb8 Ne6 53. Bd5 c3
54. Bxe6 Bxe6 55. Rc1 Bg4 56. Rxc3 1-0